Sports Quiz

Random Sports or MLB Quiz

1980s WS Champs Back-Up Catchers Quiz Stats

 Plays Quiz not verified by Sporcle

Also try: Rugby Positions
Challenge
Share
Tweet
Embed
Score 0/10 Timer 05:00
0 Plays Today
Question Answer Wrong Answers
1985 Kansas City Royals John Wathan
75.7%
Ronn Reynolds
8.4%
Jerry Willard
9.3%
Butch Benton
5.6%
1988 Los Angeles Dodgers Rick Dempsey
74.8%
Barry Lyons
8.4%
Junior Ortiz
7.5%
Mark Bailey
8.4%
1981 Los Angeles Dodgers Steve Yeager
69.2%
Alex Trevino
8.4%
Larry Owen
9.3%
Bob Brenly
11.2%
1989 Oakland A's Ron Hassey
69.2%
Brian Harper
6.5%
Geno Petralli
4.7%
Bob Melvin
16.8%
1986 New York Mets Ed Hearn
66.4%
Ron Karkovice
12.1%
Gil Reyes
8.4%
Tom Prince
11.2%
1980 Philadelphia Phillies Keith Moreland
57%
Terry Kennedy
23.4%
Craig Stimac
6.5%
Mike Sadek
11.2%
1987 Minnesota Twins Sal Butera
57%
John Marzano
10.3%
Joel Skinner
15%
Butch Wynegar
15%
1982 St. Louis Cardinals Gene Tenace
51.4%
Joe Nolan
10.3%
Dave Van Gorder
14%
Steve Swisher
23.4%
1983 Baltimore Orioles Joe Nolan
46.7%
Orlando Mercado
18.7%
Jim Essian
17.8%
Rick Sweet
15%
1984 Detroit Tigers Marty Castillo
41.1%
Marc Hill
14%
Ron Hassey
15.9%
Jerry Narron
27.1%

You're not logged in!

Compare scores with friends on all Sporcle quizzes.
Join for Free
OR
Log In

You Might Also Like...

Show Comments

Extras

Top Quizzes Today


Score Distribution

Your Account Isn't Verified!

In order to create a playlist on Sporcle, you need to verify the email address you used during registration. Go to your Sporcle Settings to finish the process.

Report this User

Report this user for behavior that violates our Community Guidelines.

Details: